| 000 | 00539nam a2200181 a 4500 | ||
|---|---|---|---|
| 001 | 3064 | ||
| 005 | 20140414131901.0 | ||
| 008 | 060131s19uu xx 00 eng d | ||
| 020 | _a0-448-40210-6 | ||
| 050 |
_aFIC _bSw3 1991 |
||
| 100 | _aSwenson, Charles | ||
| 245 |
_aAn American tail : _cadapted by Cathy E. Dubowski ; story by Charles Swenson. _bFievel goes west / |
||
| 260 |
_aNew York : _bGrosset & Dunlap, _c1991. |
||
| 300 | _a62 p. ; cm. | ||
| 500 | _aSteven Speilberg presents | ||
| 650 |
_aMice _xFiction. |
||
| 999 |
_c110669 _d110669 |
||